Cities by Clue- Asia - Statistics

General Stats
  • This quiz has been taken 12 times
  • The average score is 11 of 20
Answer Stats
Clue City % Correct
11) Forbidden City, Great Wall, Summer Palace Beijing
100%
8) Burj Khalifa, Jumeriah Mosque, The Palms Dubai
100%
2) Eurasia, Hagia Sophia, Galata Tower Istanbul
100%
3) Temple Mount, Holy Land, Tower of David Jerusalem
100%
1) Petronas Towers, Thean Hou Temple,Central Market Kuala Lumpur
100%
5) Wat Arun, Grand Palace, Chao Phraya River Bangkok
80%
4) Oriental Pearl Tower, Yu Garden, the Bund Shanghai
80%
9) Sultan Qaboos Mosque, Ruwi Clock Tower, Mutrah Fort Muscat
60%
10) Flame Towers, Heydar Aliyev Center, Caspian Sea Baku
50%
7) Souq Waqif, Katara Village, Pearl Island Doha
50%
17) Panfilov Park, Central Mosque, Victory Square Bishkek
40%
16) Baiterek, Hazrat Sultan Mosque, Khan Shatyr Center Astana
30%
19) Al Rahmah Mosque, Makkah Gate, Al Shallal Park Jeddah
30%
18) Rizal Park, Fort Santiago, San Agustin Church Manila
30%
12) Angkor Wat, Bayon Temple, Ta Som Siem Reap
30%
6) Amir Timur Museum, Hazrati Imam, Chorsu Bazaar Tashkent
30%
13) Sultan Omar Ali Mosque, Royal Regali Museum Bandar Seri Begawan
20%
15) Zaytouna Bay, Mohammad Al Amin Mosque, Hamra Beirut
20%
14) Mohatta Palace Museum, Frere Hall, Arabian Sea Karachi
20%
20) Al Fateh Grand Mosque, Moda Mall, Al Khamis Manama
20%
No matching quizzes found
Score Distribution
Percent of People with Each Score
Percentile by Number Answered
Your Score History
You have not taken this quiz